Normal view
MARC view
- LOK PUNJAB.CULTURE OF PUNJAB
Entry Topical Term
001 - CONTROL NUMBER
- control field: 68328
003 - CONTROL NUMBER IDENTIFIER
- control field: NUST
005 - DATE AND TIME OF LATEST TRANSACTION
- control field: 20210628204027.0
008 - FIXED-LENGTH DATA ELEMENTS
- fixed length control field: 210628|| aca||aabn | a|a d
040 ## - CATALOGING SOURCE
- Original cataloging agency: NUST
- Transcribing agency: NUST
150 ## - HEADING--TOPICAL TERM
- Topical term or geographic name entry element: LOK PUNJAB.CULTURE OF PUNJAB
670 ## - SOURCE DATA FOUND
- Source citation: Work cat.: (NUST): Mazhar-Ul-Islam 13513, Lok punjab, 2012
